La prueba en materia penal

Podrobná bibliografie
Hlavní autor: Cañizares M., Guillermo
Médium: Diplomová práce Kniha
Jazyk:Spanish
Témata:

MARC

LEADER 00000nam a2200000 a 4500
001 P-129
005 20230308200937.0
008 000000|1951 ||||||||r|||||||||||spa||
040 |b spa 
041 1 |a spa 
100 1 |a Cañizares M., Guillermo  |9 173838 
245 |a La prueba en materia penal  |c Guillermo Cañizares M.  |h dact 
264 |a Cuenca  |c 1951 
300 |a 57 páginas:  |c 30 cm 
502 |a Abogado de los Tribunales de Justicia de la República y Licenciado en Ciencias Políticas y Sociales  |b Universidad de Cuenca  |c jur  |e DERECHO 
504 |a incl. ref. 
650 |a Materia penal  |9 173839 
650 4 |a Derecho penal  |9 9222 
650 |a Tesis en derecho  |9 1232 
852 |a UC-CDJBV  |c CUARTO PISO (SECCION TESIS)  |f Donación  |k maria.naula  |l 1  |m Limitada  |p 00000000  |t P-129  |b 1  |d CDRC  |e CDRC  |g  CUARTO PISO (SECCION TESIS)  |z 0000-00-00 
942 |c TS 
999 |c 93164  |d 93164